| 000 | 01065cam a2200313 a 4500 | ||
|---|---|---|---|
| 999 |
_c532764 _d532764 |
||
| 001 | 16049661 | ||
| 003 | NUST | ||
| 005 | 20191202161800.0 | ||
| 008 | 100111s2011 njua b 001 0 eng | ||
| 010 | _a 2009053049 | ||
| 020 | _a9780136110583 (hbk.) | ||
| 020 | _a0136110584 (hbk.) | ||
| 035 | _a(OCoLC)ocn462910272 | ||
| 038 | _aMSOHAIL | ||
| 040 |
_aDLC _cDLC _dBTCTA _dSINLB _dYDXCP _dC#P _dCDX _dBWX _dDLC |
||
| 050 | 0 | 0 |
_aTA403 _b.M246 2011 |
| 082 | 0 | 0 |
_a624.18 _222 |
| 100 | 1 |
_aMamlouk, Michael S. _926009 |
|
| 245 | 1 | 0 |
_aMaterials for civil and construction engineers / _cMichael S. Mamlouk, John P. Zaniewski. |
| 250 | _a3rd ed. | ||
| 260 |
_aUpper Saddle River : _bPrentice Hall, _cc2011. |
||
| 300 |
_axvii, 582 p. : _bill. ; _c24 cm. |
||
| 504 | _aIncludes bibliographical references and index. | ||
| 650 | 0 |
_aMaterials. _91466 |
|
| 700 | 1 |
_aZaniewski, John P. _926010 |
|
| 906 |
_a7 _bcbc _corignew _d1 _eecip _f20 _gy-gencatlg |
||
| 942 |
_2ddc _cBK |
||